|
|
|
|
| LEADER |
00000nab#a22000007a#4500 |
| 001 |
arbauad026851 |
| 003 |
AR-BaUAD |
| 005 |
20250711112217.0 |
| 008 |
970516|||||||||###||||||b###|0###a|spa|| |
| 040 |
|
|
|a AR-BaUAD
|c AR-BaUAD
|b spa
|
| 100 |
|
|
|a Heller, Steven
|
| 245 |
|
|
|a Michael Bierut :
|b "the biggest challenge that faces a designer isn't the quest for novelty, but coming to grips with the fact that much of what we do has little content" /
|c Steven Heller;
|
| 300 |
0 |
|
|b fot., il.
|
| 653 |
|
|
|a DISEÑO GRAFICO
|
| 653 |
|
|
|a BIERUT, MICHAEL
|
| 653 |
|
|
|a ENTREVISTAS
|
| 653 |
|
|
|a DISEÑADORES GRAFICOS
|
| 653 |
|
|
|a ESTADOS UNIDOS
|
| 653 |
|
|
|a SIGLO XX
|
| 653 |
|
|
|a AFICHES
|
| 653 |
|
|
|a LOGOTIPOS
|
| 653 |
|
|
|a TAPAS DE LIBROS
|
| 773 |
0 |
|
|t EYE
|g no. 24 [1997], p. 10-16
|
| 942 |
|
|
|c ARTI
|
| 952 |
|
|
|0 0
|1 0
|4 0
|7 0
|9 71770
|a AR-BAuAD
|b AR-BAuAD
|d 2025-07-11
|l 0
|p AAQA026851
|r 2025-07-11 11:22:17
|w 2025-07-11
|y ARTI
|
| 990 |
|
|
|a DG199
|b TD
|
| 998 |
|
|
|a AAQ
|b BIBUN76
|
| 999 |
|
|
|c 51443
|d 51443
|